[Event "29th 4NCL Congress"]
[Site "Harrogate"]
[Date "2023.01.22"]
[Round "5"]
[Board "22"]
[White "Furness, Robert M"]
[Black "Garnett, John S"]
[Result "1/2-1/2"]
[WhiteElo "2056"]
[BlackElo "1945"]
[PlyCount "103"]
[EventDate "2023.01.20"]
[EventRounds "5"]
[EventCountry "ENG"]

1. c4 e5 2. Nc3 Nc6 3. Nf3 g6 4. d4 exd4 5. Nxd4 Bg7 6. Nxc6 bxc6 7. g3 Rb8 8. Bg2
Ne7 9. O-O O-O 10. Qa4 a6 11. Qa3 d6 12. Bf4 Be6 13. c5 dxc5 14. Rfd1 Qc8 15. Qxc5
Nd5 16. Nxd5 cxd5 17. Qxc7 Qxc7 18. Bxc7 Rxb2 19. Rab1 Rxa2 20. Bxd5 Bxd5 21. Rxd5
Rxe2 22. Rbd1 h5 23. Kg2 Bf6 24. Bf4 Ra8 25. Bd2 Ree8 26. Ba5 Re5 27. Bc7 Rxd5 28.
Rxd5 Bc3 29. Ba5 Bxa5 30. Rxa5 Kf8 31. Kf3 Ke7 32. g4 hxg4+ 33. Kxg4 Kd6 34. Kg5
Kc6 35. f4 Kb6 36. Re5 a5 37. f5 a4 38. fxg6 fxg6 39. Kxg6 a3 40. Re1 Rh8 41. Re2
Kc5 42. Kg5 Ra8 43. Re1 Kb4 44. h4 Kb3 45. h5 Rc8 46. h6 a2 47. h7 Kb2 48. Kg6 a1=Q
49. Rxa1 Kxa1 50. Kg7 Kb2 51. h8=Q Rxh8 52. Kxh8  1/2-1/2

[Event "29th 4NCL Congress"]
[Site "Harrogate"]
[Date "2023.01.22"]
[Round "5"]
[Board "23"]
[White "Pyda, Arjun"]
[Black "Thomson, Neil"]
[Result "1/2-1/2"]
[WhiteElo "1780"]
[BlackElo "2042"]
[PlyCount "158"]
[EventDate "2023.01.20"]
[EventRounds "5"]
[EventCountry "ENG"]

1. e4 c6 2. d4 d5 3. exd5 cxd5 4. c3 Nc6 5. Nf3 Bg4 6. Be2 Nf6 7. O-O e6 8. h3 Bh5
9. Nbd2 Bd6 10. Ne5 Bxe2 11. Qxe2 O-O 12. Ndf3 Ne4 13. Nxc6 bxc6 14. Be3 Bc7 15.
Ne5 f6 16. Nd3 g5 17. Rfe1 Kh8 18. Nc5 Qd6 19. g3 Rg8 20. Nxe4 dxe4 21. Qh5 Rg6 22.
Kf1 Rag8 23. h4 gxh4 24. Qxh4 Qd5 25. b3 Qf5 26. Ke2 Qf3+ 27. Kd2 c5 28. Rh1 R8g7
29. Qh5 cxd4 30. cxd4 Rd7 31. Qxf3 exf3 32. Kc3 e5 33. Rad1 e4 34. Kb4 f5 35. Rh5
Rb6+ 36. Kc3 Rc6+ 37. Kb2 Rd5 38. Rdh1 Rd7 39. Rxf5 Bb6 40. d5 Rcd6 41. Bxb6 axb6
42. Rd1 Kg7 43. Re5 Kf6 44. Rxe4 Rxd5 45. Rxd5 Rxd5 46. Kc3 Rf5 47. Kd3 Kg5 48. Ke3
h5 49. a4 Rf6 50. Re5+ Kg4 51. Re4+ Kh3 52. Rf4 Rc6 53. Rxf3 Kg2 54. Rf5 Rc3+ 55.
Kd4 Rxb3 56. Kc4 Rb2 57. Rxh5 Rxf2 58. Rg5 Rf6 59. Kb5 Kf3 60. Rg8 Ke4 61. Rc8 Rg6
62. Rc6 Rxg3 63. Kxb6 Rb3+ 64. Ka6 Kd5 65. Rc2 Kd6 66. a5 Rb1 67. Ka7 Kd7 68. Rc5
Kd6 69. Rc8 Ra1 70. a6 Ra2 71. Kb7 Rb2+ 72. Ka8 Ra2 73. a7 Ra1 74. Rb8 Kc7 75. Rb2
Rc1 76. Rb7+ Kc8 77. Rh7 Ra1 78. Rh2 Rc1 79. Rh4 Kc7  1/2-1/2

[Event "29th 4NCL Congress"]
[Site "Harrogate"]
[Date "2023.01.22"]
[Round "5"]
[Board "24"]
[White "Brencher, Paul"]
[Black "Sheppard, Derek Alan"]
[Result "1-0"]
[WhiteElo "2033"]
[BlackElo "1703"]
[PlyCount "141"]
[EventDate "2023.01.20"]
[EventRounds "5"]
[EventCountry "ENG"]

1. c4 e6 2. g3 d5 3. Bg2 Nf6 4. Nf3 c6 5. O-O Be7 6. d4 O-O 7. Nc3 Nbd7 8. Qc2 b6
9. Rd1 Ba6 10. b3 b5 11. c5 b4 12. Na4 Bb5 13. Nb2 a5 14. Nd3 Qc7 15. Bf4 Qb7 16.
a4 Ba6 17. Nfe5 Nxe5 18. Bxe5 Nd7 19. Bf4 Bf6 20. Bd6 Rfe8 21. Ne5 Be7 22. Bxe7 Rxe7
23. Nxd7 Qxd7 24. f4 Rae8 25. e4 f5 26. e5 Kh8 27. Kf2 Rg8 28. Bf1 Bxf1 29. Rxf1
g5 30. Rg1 Reg7 31. Qe2 Qb7 32. Raf1 g4 33. Rh1 Rg6 34. h3 Rh6 35. hxg4 Rxh1 36.
Rxh1 Rxg4 37. Rh3 Qa7 38. Qf1 Qb7 39. Qh1 Qg7 40. Qh2 Rg6 41. Qh1 Rg4 42. Qf1 Qb7
43. Rh6 Rg6 44. Qh3 Qg7 45. Rxg6 Qxg6 46. Qh4 Qe8 47. Qf6+ Kg8 48. Qg5+ Kh8 49. Qf6+
Kg8 50. Qg5+ Kh8 51. Qh6 Kg8 52. Qh4 Kh8 53. Qh3 Qf8 54. Qf1 Qc8 55. Qe2 Qa8 56.
g4 fxg4 57. Qxg4 Qg8 58. Qh4 Qe8 59. Qf6+ Kg8 60. Qg5+ Kh8 61. Qf6+ Kg8 62. f5 exf5
63. Qxf5 Qf7 64. Qxf7+ Kxf7 65. Kf3 Ke6 66. Kg4 Ke7 67. Kg5 h5 68. Kxh5 Kf7 69. Kh6
Ke7 70. Kg7 Ke6 71. Kf8  1-0

[Event "29th 4NCL Congress"]
[Site "Harrogate"]
[Date "2023.01.22"]
[Round "5"]
[Board "25"]
[White "Riddle, Jim"]
[Black "Bridgeman, Niamh"]
[Result "0-1"]
[WhiteElo "1573"]
[BlackElo "1977"]
[PlyCount "34"]
[EventDate "2023.01.20"]
[EventRounds "5"]
[EventCountry "ENG"]

1. e4 e6 2. d4 d5 3. Nf3 dxe4 4. Ne5 Nf6 5. Bb5+ c6 6. Be2 Bd6 7. O-O Qc7 8. Ng4
Nxg4 9. Bxg4 Bxh2+ 10. Kh1 Bd6 11. Bh3 h5 12. Qe1 Qe7 13. Qxe4 g5 14. f3 f5 15. Qe2
g4 16. Bxg4 hxg4+ 17. Kg1 g3  0-1

[Event "29th 4NCL Congress"]
[Site "Harrogate"]
[Date "2023.01.20"]
[Round "1"]
[Board "1"]
[White "Billenness, Greg"]
[Black "Hymer, Barry"]
[Result "0-1"]
[WhiteElo "1818"]
[BlackElo "1987"]
[PlyCount "100"]
[EventDate "2023.01.20"]
[EventRounds "5"]
[EventCountry "ENG"]

1. d4 Nf6 2. Nc3 d5 3. e4 dxe4 4. Bg5 Bf5 5. f3 Nbd7 6. fxe4 Nxe4 7. Nxe4 Bxe4 8.
Nf3 h6 9. Be3 e6 10. Bc4 Nb6 11. Bb3 a5 12. a3 a4 13. Ba2 Nd5 14. Bd2 c6 15. O-O
Bd6 16. Rc1 O-O 17. Qe1 Bh7 18. Ne5 Bxe5 19. Qxe5 Qc7 20. Qh5 Bg6 21. Qg4 h5 22.
Qg5 Qb6 23. Qe5 Qxb2 24. Bxd5 exd5 25. Bb4 Rfe8 26. Qg3 Qxd4+ 27. Kh1 Qg4 28. Qxg4
hxg4 29. Rf2 b6 30. Kg1 c5 31. Bd2 Re4 32. Rf4 Rae8 33. Rxe4 Rxe4 34. Kf2 Rc4 35.
c3 b5 36. Re1 d4 37. Re8+ Kh7 38. cxd4 Rxd4 39. Be3 Rc4 40. Rc8 Rc2+ 41. Kg1 c4 42.
Bc5 Be4 43. g3 c3 44. Be3 b4 45. axb4 a3 46. Rc5 a2 47. Ra5 Rg2+ 48. Kf1 Rxh2 49.
b5 Rh1+ 50. Bg1 c2  0-1

[Event "29th 4NCL Congress"]
[Site "Harrogate"]
[Date "2023.01.20"]
[Round "1"]
[Board "2"]
[White "Gibbs, Dominic V"]
[Black "May, Paul"]
[Result "1/2-1/2"]
[WhiteElo "1966"]
[BlackElo "1815"]
[PlyCount "144"]
[EventDate "2023.01.20"]
[EventRounds "5"]
[EventCountry "ENG"]

1. e4 c5 2. Nc3 a6 3. f4 e6 4. Nf3 b5 5. Qe2 Bb7 6. g3 Nf6 7. d3 Be7 8. Bg2 b4 9.
Nd1 d5 10. e5 Nfd7 11. O-O Nc6 12. f5 Nd4 13. Nxd4 cxd4 14. fxe6 fxe6 15. Qg4 Nxe5
16. Qxg7 Ng6 17. Qf7+ Kd7 18. Bh3 Qb6 19. Re1 Raf8 20. Qxe6+ Qxe6 21. Bxe6+ Kd6 22.
Bd2 a5 23. Bh3 Ne5 24. Kg2 Ng6 25. c3 dxc3 26. bxc3 d4+ 27. Kg1 dxc3 28. Nxc3 bxc3
29. Bxc3 Rhg8 30. Bxa5 Kc5 31. a4 Nf4 32. Rac1+ Kd5 33. Rxe7 Nxh3+ 34. Kg2 Bc8 35.
Rxc8 Nf4+ 36. Kh1 Rxc8 37. gxf4 Rc1+ 38. Re1 Rxe1+ 39. Bxe1 Rf8 40. Bg3 Kd4 41. Kg2
Kxd3 42. Kf3 Ra8 43. Kg4 Rxa4 44. Kg5 Ke4 45. Kh6 Ra7 46. Kg5 Ra6 47. Kg4 Ra5 48.
h4 h5+ 49. Kh3 Kf3 50. Kh2 Kg4 51. Kg2 Ra2+ 52. Bf2 Kxf4 53. Kh3 Kf3 54. Bg1 Ra1
55. Kh2 Rf1 56. Kh1 Kg4 57. Kg2 Ra1 58. Bf2 Ra2 59. Kg1 Kh3 60. Bb6 Kxh4 61. Kh1
Kg3 62. Bc7+ Kf3 63. Bb6 Rc2 64. Ba7 h4 65. Bb6 h3 66. Bg1 Kg3 67. Bd4 Re2 68. Bb6
Rc2 69. Bd4 Kg4 70. Be5 Kf3 71. Bb8 Re2 72. Bc7 Rc2  1/2-1/2

[Event "29th 4NCL Congress"]
[Site "Harrogate"]
[Date "2023.01.20"]
[Round "1"]
[Board "3"]
[White "Williamson, Graham A"]
[Black "Ashcroft, Graham J"]
[Result "1-0"]
[WhiteElo "1807"]
[BlackElo "1959"]
[PlyCount "113"]
[EventDate "2023.01.20"]
[EventRounds "5"]
[EventCountry "ENG"]

1. d4 f5 2. Bf4 Nf6 3. e3 g6 4. Nf3 Bg7 5. c3 O-O 6. Nbd2 d6 7. Qc2 Nc6 8. Be2 e6
9. h3 Qe7 10. O-O-O e5 11. dxe5 dxe5 12. Bh2 e4 13. Nd4 Nxd4 14. exd4 c5 15. Bc4+
Kh8 16. Nb3 cxd4 17. Nxd4 Bd7 18. Nb5 Bxb5 19. Bxb5 Rfd8 20. Rxd8+ Rxd8 21. Rd1 Rxd1+
22. Qxd1 a6 23. Bc4 b5 24. Bb3 Nd7 25. Qd5 Bh6+ 26. Kb1 Kg7 27. Bd6 Qe8 28. Qb7 Bg5
29. Qxa6 e3 30. fxe3 Qe4+ 31. Ka1 Qd3 32. a4 Bxe3 33. Qc6 Nf6 34. Be5 Bg5 35. axb5
Qe3 36. Bd4 Qe1+ 37. Ka2 Qe7 38. b6 Bf4 39. b7 Bd6 40. Qc8 Qc7 41. Qxc7+ Bxc7 42.
Be6 Bb8 43. c4 h6 44. b4 g5 45. Bxf5 Kf7 46. Bxf6 Kxf6 47. Be4 Ke5 48. Bf3 Kd4 49.
Kb3 Ba7 50. Bd5 Ke5 51. Ka4 Kd6 52. Kb5 Kc7 53. c5 h5 54. Ka6 Bb8 55. b5 g4 56. b6+
Kd7 57. c6+  1-0

[Event "29th 4NCL Congress"]
[Site "Harrogate"]
[Date "2023.01.20"]
[Round "1"]
[Board "4"]
[White "Pilley, Jack"]
[Black "Echavarria Hidalgo, Fernando"]
[Result "1-0"]
[WhiteElo "1944"]
[BlackElo "1793"]
[PlyCount "57"]
[EventDate "2023.01.20"]
[EventRounds "5"]
[EventCountry "ENG"]

1. e4 d6 2. d4 Nf6 3. Nc3 g6 4. f4 Bg7 5. Nf3 O-O 6. Bd3 c5 7. dxc5 dxc5 8. O-O Bg4
9. h3 Bxf3 10. Qxf3 Nc6 11. Be3 Nd4 12. Qf2 Rc8 13. Rad1 Ne8 14. e5 e6 15. Be4 Qb6
16. Na4 Qb5 17. Nxc5 Qxc5 18. Bxd4 Qe7 19. Rd2 b6 20. Rfd1 Nc7 21. Be3 Rfd8 22. Bb7
Rxd2 23. Qxd2 Rb8 24. Bc6 Bf8 25. Qd7 Re8 26. Qxe7 Rxe7 27. Rd8 Na6 28. f5 f6 29.
Bh6  1-0

[Event "29th 4NCL Congress"]
[Site "Harrogate"]
[Date "2023.01.20"]
[Round "1"]
[Board "5"]
[White "Butterworth, Paul"]
[Black "Robson, Paul E"]
[Result "0-1"]
[WhiteElo "1785"]
[BlackElo "1942"]
[PlyCount "76"]
[EventDate "2023.01.20"]
[EventRounds "5"]
[EventCountry "ENG"]

1. d4 Nf6 2. c4 c5 3. d5 b5 4. cxb5 a6 5. b6 Qxb6 6. Nc3 g6 7. e4 d6 8. Nf3 Bg7 9.
Be2 O-O 10. O-O Nbd7 11. h3 Bb7 12. Qc2 e6 13. dxe6 fxe6 14. Be3 Rac8 15. Rac1 Qc6
16. Qb3 c4 17. Qb4 a5 18. Qb5 Nxe4 19. Qxc6 Bxc6 20. Nxe4 Bxe4 21. Rxc4 Bxf3 22.
Rxc8 Rxc8 23. Bxf3 Bxb2 24. Rb1 Bg7 25. Bg4 Nf8 26. Rb5 Bc3 27. a3 d5 28. Rxd5 h5
29. Rc5 Rxc5 30. Bxc5 hxg4 31. hxg4 Nd7 32. Be3 Ne5 33. f3 Nc4 34. Bc5 Bb2 35. a4
Bc3 36. Kf1 Nb2 37. Ke2 Nxa4 38. Be3 Nb2  0-1

[Event "29th 4NCL Congress"]
[Site "Harrogate"]
[Date "2023.01.20"]
[Round "1"]
[Board "6"]
[White "Gostelow, Luke"]
[Black "Millar, Greg F"]
[Result "1-0"]
[WhiteElo "1920"]
[BlackElo "1784"]
[PlyCount "49"]
[EventDate "2023.01.20"]
[EventRounds "5"]
[EventCountry "ENG"]

1. d4 Nf6 2. c4 e6 3. Nc3 Bb4 4. f3 d5 5. e3 O-O 6. a3 Bxc3+ 7. bxc3 c5 8. Bd3 Nc6
9. Ne2 dxc4 10. Bxc4 e5 11. d5 Na5 12. Ba2 e4 13. Ng3 Re8 14. fxe4 Nxe4 15. Nxe4
Rxe4 16. O-O c4 17. Qf3 Qe8 18. Bb1 Re5 19. e4 Nb3 20. Bf4 Nxa1 21. Bxe5 Nb3 22.
Qg3 g6 23. Qg5 Kf8 24. Qf6 Nd2 25. d6  1-0

[Event "29th 4NCL Congress"]
[Site "Harrogate"]
[Date "2023.01.20"]
[Round "1"]
[Board "7"]
[White "Doherty, Paul"]
[Black "Hall, James"]
[Result "1/2-1/2"]
[WhiteElo "1778"]
[BlackElo "1919"]
[PlyCount "97"]
[EventDate "2023.01.20"]
[EventRounds "5"]
[EventCountry "ENG"]

1. d4 Nf6 2. c4 e5 3. dxe5 Ng4 4. Bf4 Nc6 5. Nf3 f6 6. h3 Ngxe5 7. e3 Bb4+ 8. Nbd2
Nxf3+ 9. gxf3 Qe7 10. a3 Bxd2+ 11. Qxd2 d6 12. O-O-O a5 13. Bd3 a4 14. Qc2 g6 15.
h4 Be6 16. h5 g5 17. Bg3 Qd7 18. f4 Na5 19. fxg5 fxg5 20. Qc3 Rf8 21. f4 gxf4 22.
exf4 Nb3+ 23. Kb1 Nc5 24. Bc2 O-O-O 25. Qa5 Kb8 26. Bf2 b6 27. Qb4 Rxf4 28. Bxc5
Rxc4 29. Rxd6 cxd6 30. Qxb6+ Kc8 31. Bd3 dxc5 32. Qa6+ Kb8 33. Bxc4 Bxc4 34. Qxc4
Qd3+ 35. Qxd3 Rxd3 36. Rc1 Rd5 37. h6 Rh5 38. Rc4 Kb7 39. Rxa4 Rxh6 40. Rc4 Kb6 41.
b4 cxb4 42. Rxb4+ Kc5 43. Rg4 Rh2 44. Kc1 h5 45. Rf4 h4 46. Kd1 h3 47. Rh4 Rh1+ 48.
Ke2 h2 49. Kf2  1/2-1/2

[Event "29th 4NCL Congress"]
[Site "Harrogate"]
[Date "2023.01.20"]
[Round "1"]
[Board "8"]
[White "De Sousa Muachikape, Jael"]
[Black "Lawrence, Spencer"]
[Result "1-0"]
[WhiteElo "1913"]
[BlackElo "1774"]
[PlyCount "53"]
[EventDate "2023.01.20"]
[EventRounds "5"]
[EventCountry "ENG"]

1. d4 Nf6 2. c4 g6 3. f3 Bg7 4. Nc3 O-O 5. e4 d6 6. Be3 Nbd7 7. g4 e5 8. d5 a5 9.
Nh3 Nc5 10. Nf2 Ne8 11. g5 f5 12. gxf6 Nxf6 13. Nd3 Nxd3+ 14. Bxd3 Nh5 15. Kd2 Bh3
16. Rg1 Nf4 17. Rg3 Bd7 18. Qh1 Nh5 19. Rgg1 Qh4 20. Raf1 Bh3 21. Bg5 Ng3 22. Rxg3
Bh6 23. Rfg1 Bxg5+ 24. Rxg5 Qf2+ 25. Be2 a4 26. R1g3 Bd7 27. Qg1  1-0

[Event "29th 4NCL Congress"]
[Site "Harrogate"]
[Date "2023.01.20"]
[Round "1"]
[Board "9"]
[White "Hall, David G"]
[Black "Mikalajunas, Kajus"]
[Result "1/2-1/2"]
[WhiteElo "1769"]
[BlackElo "1905"]
[PlyCount "148"]
[EventDate "2023.01.20"]
[EventRounds "5"]
[EventCountry "ENG"]

1. d4 g6 2. Nf3 Bg7 3. c4 d6 4. g3 Bg4 5. Bg2 Nc6 6. e3 e5 7. h3 Bxf3 8. Bxf3 exd4
9. Bxc6+ bxc6 10. exd4 Ne7 11. O-O O-O 12. Be3 Nf5 13. Nc3 Re8 14. Re1 Bxd4 15. Bxd4
Rxe1+ 16. Qxe1 Nxd4 17. Qe4 Qf6 18. Rd1 Nf3+ 19. Kg2 Ng5 20. Qxc6 Rb8 21. Rd2 Qf5
22. g4 Qf4 23. Re2 Kg7 24. b3 Rb6 25. Qd5 Qf6 26. Qd3 c6 27. Ne4 Nxe4 28. Qxe4 c5
29. f4 Qa1 30. g5 Ra6 31. Qc2 Qd4 32. Qb2 Qxb2 33. Rxb2 f6 34. Kf3 Kf7 35. Ke4 Ke6
36. gxf6 Kxf6 37. h4 Ke6 38. Rd2 Ra3 39. Rh2 a5 40. h5 gxh5 41. Rxh5 Rxa2 42. Rxh7
Re2+ 43. Kd3 Rb2 44. Kc3 Rf2 45. Rh6+ Kd7 46. Rh7+ Kc6 47. Rf7 Rf3+ 48. Kb2 a4 49.
bxa4 Kb6 50. f5 Ka5 51. f6 Kxa4 52. Rf8 Kb4 53. f7 Rf2+ 54. Kc1 Kxc4 55. Rd8 Rxf7
56. Rxd6 Kc3 57. Kd1 Rf1+ 58. Ke2 Ra1 59. Rd3+ Kb4 60. Rh3 c4 61. Kd2 Ra8 62. Kc1
Rg8 63. Rf3 Rg1+ 64. Kc2 Rg2+ 65. Kc1 Rg8 66. Kc2 Rb8 67. Kc1 Kc5 68. Rh3 Kb4 69.
Rg3 Rh8 70. Rf3 c3 71. Rf7 Kb3 72. Rb7+ Kc4 73. Rc7+ Kd4 74. Rd7+ Ke5  1/2-1/2

[Event "29th 4NCL Congress"]
[Site "Harrogate"]
[Date "2023.01.20"]
[Round "1"]
[Board "10"]
[White "Mcdonnell, James J."]
[Black "Wheeler, Tim"]
[Result "1/2-1/2"]
[WhiteElo "1902"]
[BlackElo "1762"]
[PlyCount "34"]
[EventDate "2023.01.20"]
[EventRounds "5"]
[EventCountry "ENG"]

1. e4 c5 2. Nf3 e6 3. d4 cxd4 4. Nxd4 a6 5. Nc3 Qc7 6. Bd3 Bc5 7. Nf3 Nc6 8. O-O
Nge7 9. Re1 Ng6 10. h3 b5 11. Be3 d6 12. a4 b4 13. Nb1 O-O 14. Nbd2 Nce5 15. Nxe5
Nxe5 16. Bf1 Bb7 17. Rc1 Rac8  1/2-1/2

[Event "29th 4NCL Congress"]
[Site "Harrogate"]
[Date "2023.01.20"]
[Round "1"]
[Board "11"]
[White "Sharkey, Gary"]
[Black "Bielby, Paul R"]
[Result "0-1"]
[WhiteElo "1760"]
[BlackElo "1890"]
[PlyCount "104"]
[EventDate "2023.01.20"]
[EventRounds "5"]
[EventCountry "ENG"]

1. d4 Nf6 2. Nc3 d5 3. e4 dxe4 4. f3 exf3 5. Nxf3 e6 6. Bd3 Be7 7. O-O c6 8. Qe2
Nbd7 9. Ne5 Nf8 10. Be3 Bd7 11. Ne4 Qc7 12. Ng5 Ng6 13. Rae1 Nxe5 14. dxe5 Qxe5 15.
Qf3 Bc5 16. Ne4 Bxe3+ 17. Rxe3 Ke7 18. Ng3 Qc5 19. Nf5+ Kd8 20. Nxg7 Nd5 21. Rfe1
Nxe3 22. Rxe3 Kc7 23. Kh1 Raf8 24. Qe2 Rhg8 25. Re5 Qd4 26. c3 Qf4 27. Nh5 Qc1+ 28.
Qe1 Qxe1+ 29. Rxe1 f5 30. Bc4 Rg4 31. Be2 Re4 32. Ng3 Re3 33. Nf1 Re5 34. Nd2 c5
35. Kg1 Bb5 36. c4 Bc6 37. Kf2 f4 38. Bf3 Rxe1 39. Kxe1 Bxf3 40. gxf3 e5 41. Ne4
Kc6 42. Kf2 b5 43. cxb5+ Kxb5 44. b3 Kb4 45. Ke2 Rg8 46. Kf2 c4 47. Nf6 cxb3 48.
axb3 Rd8 49. Ng4 Rd5 50. Nf6 Rd2+ 51. Kg1 Kxb3 52. Nxh7 a5  0-1

[Event "29th 4NCL Congress"]
[Site "Harrogate"]
[Date "2023.01.20"]
[Round "1"]
[Board "12"]
[White "Cooper, Malcolm H"]
[Black "Webster, Vivien"]
[Result "1/2-1/2"]
[WhiteElo "1879"]
[BlackElo "1754"]
[PlyCount "94"]
[EventDate "2023.01.20"]
[EventRounds "5"]
[EventCountry "ENG"]

1. d4 b6 2. e4 Bb7 3. Nc3 e6 4. Nf3 Be7 5. Bc4 d6 6. O-O Nd7 7. Qe2 a6 8. a4 Ngf6
9. d5 e5 10. Nd2 O-O 11. Na2 Nc5 12. Nb4 Qd7 13. b3 Ne8 14. f4 exf4 15. Rxf4 Bf6
16. Rb1 Bd4+ 17. Kh1 Bc3 18. Na2 Be5 19. Rf3 Qe7 20. Bb2 b5 21. Bd3 Nxd3 22. Qxd3
Bc8 23. Bxe5 Qxe5 24. Nb4 a5 25. Nc6 Qg5 26. Rg3 Qh4 27. Qxb5 Nf6 28. Ne7+ Kh8 29.
Nxc8 Rfxc8 30. Qe2 Re8 31. Rh3 Qf4 32. Rf1 Qe5 33. Rf5 Qa1+ 34. Rf1 Qe5 35. Qc4 Nxe4
36. Nxe4 Qxe4 37. Qxc7 Qxd5 38. Rhf3 f6 39. Rg3 Rg8 40. Rd3 Qc5 41. Rc3 Qd4 42. Rd3
Qc5 43. Qxc5 dxc5 44. Rd7 Rgc8 45. Re1 c4 46. Ree7 cxb3 47. Rxg7 Rxc2  1/2-1/2

[Event "29th 4NCL Congress"]
[Site "Harrogate"]
[Date "2023.01.20"]
[Round "1"]
[Board "13"]
[White "Murphy, Ross"]
[Black "Obi, Okwose Marc"]
[Result "0-1"]
[WhiteElo "1748"]
[BlackElo "1871"]
[PlyCount "64"]
[EventDate "2023.01.20"]
[EventRounds "5"]
[EventCountry "ENG"]

1. d3 d5 2. c3 f5 3. Nf3 Nf6 4. Bg5 e6 5. Nbd2 Be7 6. Bxf6 Bxf6 7. e4 e5 8. Qb3 c6
9. c4 d4 10. exf5 c5 11. g4 O-O 12. Bg2 Nc6 13. O-O g6 14. fxg6 hxg6 15. Ne4 Na5
16. Qc2 Bxg4 17. Nfd2 Qe7 18. Rae1 Nc6 19. Nb3 Nb4 20. Qb1 Rac8 21. a3 Na6 22. Qc1
Bg7 23. f4 Bh6 24. Ng5 Bxg5 25. Rxe5 Qxe5 26. fxe5 Bxc1 27. Rxc1 Rc7 28. Bd5+ Kg7
29. Na5 b6 30. Nc6 Bd7 31. Ne7 Be8 32. Nxg6 Bxg6  0-1

[Event "29th 4NCL Congress"]
[Site "Harrogate"]
[Date "2023.01.20"]
[Round "1"]
[Board "14"]
[White "Mata, Andrew B"]
[Black "Webb, Nick"]
[Result "1-0"]
[WhiteElo "1868"]
[BlackElo "1748"]
[PlyCount "45"]
[EventDate "2023.01.20"]
[EventRounds "5"]
[EventCountry "ENG"]

1. d4 d5 2. c4 e6 3. g3 h6 4. Bg2 Nf6 5. Nf3 Bd6 6. O-O O-O 7. Nc3 c6 8. Re1 Ne4
9. Nxe4 dxe4 10. Ne5 f5 11. f3 Bxe5 12. dxe5 Qb6+ 13. Kh1 Rd8 14. Qb3 exf3 15. exf3
Na6 16. Be3 Qxb3 17. axb3 Nb4 18. Red1 Bd7 19. Bc5 Nc2 20. Rac1 Be8 21. Rxd8 Rxd8
22. Rxc2 b6 23. Bd6  1-0

[Event "29th 4NCL Congress"]
[Site "Harrogate"]
[Date "2023.01.20"]
[Round "1"]
[Board "15"]
[White "Stone, Ian C"]
[Black "Rich, Aaron"]
[Result "1/2-1/2"]
[WhiteElo "1729"]
[BlackElo "1857"]
[PlyCount "127"]
[EventDate "2023.01.20"]
[EventRounds "5"]
[EventCountry "ENG"]

1. e4 c5 2. Nf3 Nc6 3. d4 cxd4 4. Nxd4 g6 5. Be2 Bg7 6. c3 Nf6 7. Nd2 O-O 8. O-O
a6 9. Nxc6 bxc6 10. Bf3 d5 11. Qe2 e6 12. Rd1 a5 13. Nf1 Ba6 14. Qe1 Qc7 15. Ng3
Rab8 16. Rb1 Bc4 17. b3 a4 18. Ba3 axb3 19. axb3 Rxb3 20. Bxf8 Kxf8 21. Rxb3 Bxb3
22. Ra1 Bh6 23. Qb1 Bc4 24. Ra8+ Kg7 25. Qb8 Qxb8 26. Rxb8 Bd2 27. exd5 cxd5 28.
Be2 Nd7 29. Rd8 Bxe2 30. Nxe2 Nf6 31. c4 Ba5 32. Ra8 Bb6 33. Ra6 Bc5 34. cxd5 exd5
35. Nc1 Ne4 36. Nd3 Bd4 37. Ra5 Nf6 38. Nf4 Bc3 39. Ra4 Be5 40. f3 d4 41. Nd3 Bc7
42. g3 Nd5 43. Kf1 Bb6 44. Ra6 Bc7 45. Ra7 Bb6 46. Rb7 Ba5 47. Ne5 Bc7 48. f4 h5
49. Ke2 Kf6 50. Nc6 Bb6 51. Kd3 Kg7 52. Nxd4 Bxd4 53. Kxd4 Nf6 54. h3 Ne8 55. Ke5
Nf6 56. Re7 Ng8 57. Ra7 Nh6 58. Ke4 Ng8 59. g4 Nf6+ 60. Kf3 hxg4+ 61. hxg4 Ne8 62.
Re7 Kf8 63. Ra7 Kg7 64. Re7  1/2-1/2

[Event "29th 4NCL Congress"]
[Site "Harrogate"]
[Date "2023.01.20"]
[Round "1"]
[Board "16"]
[White "Ward, William"]
[Black "Chester, Ian B"]
[Result "1/2-1/2"]
[WhiteElo "1850"]
[BlackElo "1726"]
[PlyCount "25"]
[EventDate "2023.01.20"]
[EventRounds "5"]
[EventCountry "ENG"]

1. f4 d5 2. e3 c5 3. Nf3 Nc6 4. Bb5 a6 5. Bxc6+ bxc6 6. d3 Nf6 7. O-O e6 8. Qe1 Bd6
9. e4 c4 10. e5 Bc5+ 11. d4 Bxd4+ 12. Nxd4 Qb6 13. c3  1/2-1/2

[Event "29th 4NCL Congress"]
[Site "Harrogate"]
[Date "2023.01.20"]
[Round "1"]
[Board "17"]
[White "Taylor, Robert P"]
[Black "Donahue, Randolph E"]
[Result "0-1"]
[WhiteElo "1725"]
[BlackElo "1848"]
[PlyCount "68"]
[EventDate "2023.01.20"]
[EventRounds "5"]
[EventCountry "ENG"]

1. d4 Nf6 2. Bg5 e6 3. Nd2 h6 4. Bxf6 Qxf6 5. c3 d6 6. e4 e5 7. Ngf3 Nd7 8. Be2 g6
9. O-O Bg7 10. d5 O-O 11. b4 Qe7 12. Rc1 f5 13. c4 b6 14. Qb3 a5 15. a3 Kh7 16. Ne1
f4 17. Nd3 g5 18. Bg4 Nf6 19. Bxc8 Rfxc8 20. c5 a4 21. Qc4 Qe8 22. Qa2 b5 23. cxd6
cxd6 24. Rxc8 Rxc8 25. Rc1 Rxc1+ 26. Nxc1 Qc8 27. Qb2 f3 28. gxf3 Qh3 29. Ne2 g4
30. fxg4 Qxg4+ 31. Ng3 h5 32. Kf1 h4 33. Nf5 Qd1+ 34. Kg2 h3+  0-1

[Event "29th 4NCL Congress"]
[Site "Harrogate"]
[Date "2023.01.20"]
[Round "1"]
[Board "18"]
[White "Neenan, Henry"]
[Black "Old, Rob"]
[Result "1-0"]
[WhiteElo "1846"]
[BlackElo "1712"]
[PlyCount "49"]
[EventDate "2023.01.20"]
[EventRounds "5"]
[EventCountry "ENG"]

1. e4 e5 2. Nc3 Nc6 3. Bc4 Nf6 4. d3 Bc5 5. f4 d6 6. Nf3 Qe7 7. Na4 Bb4+ 8. c3 Ba5
9. O-O a6 10. Bd5 Bd7 11. b4 Bb6+ 12. Nxb6 cxb6 13. Bb3 O-O 14. f5 h6 15. Qe1 Rad8
16. Qh4 Rfe8 17. g4 Nh7 18. g5 Kh8 19. Qh5 Rf8 20. gxh6 f6 21. Nh4 Be8 22. Ng6+ Bxg6
23. fxg6 Qe8 24. hxg7+ Kxg7 25. Qxh7#  1-0

[Event "29th 4NCL Congress"]
[Site "Harrogate"]
[Date "2023.01.20"]
[Round "1"]
[Board "19"]
[White "Baxter, Martin"]
[Black "Jones, Neil T"]
[Result "1/2-1/2"]
[WhiteElo "1707"]
[BlackElo "1844"]
[PlyCount "97"]
[EventDate "2023.01.20"]
[EventRounds "5"]
[EventCountry "ENG"]

1. e4 c6 2. Nf3 d5 3. Nc3 Bg4 4. h3 Bxf3 5. Qxf3 e6 6. Be2 Nf6 7. e5 Nfd7 8. d4 c5
9. dxc5 Bxc5 10. Qg3 Kf8 11. Bg5 Be7 12. Bxe7+ Qxe7 13. O-O Nc6 14. f4 g6 15. Rad1
a6 16. a3 Rc8 17. Qf2 h5 18. g4 hxg4 19. Bxg4 Rd8 20. Kg2 b5 21. Rfe1 Qc5 22. Qd2
Ne7 23. b4 Qc6 24. Ne2 Rc8 25. Nd4 Qb6 26. Nf3 Nf5 27. Bxf5 gxf5 28. Nd4 Ke7 29.
Kh2 Rh5 30. Rg1 Rch8 31. Rg3 Nf8 32. Qc3 Kd7 33. Rdd3 Ng6 34. Rdf3 Rc8 35. Qd2 Rc4
36. c3 Qd8 37. Qe3 Ke7 38. Qe2 Kf8 39. Rxg6 Rxd4 40. cxd4 fxg6 41. Qc2 Qh4 42. Qc8+
Kg7 43. Qxe6 Qe1 44. Qf6+ Kh7 45. Rg3 Qf2+ 46. Rg2 Qxf4+ 47. Kg1 Qc1+ 48. Kh2 Qf4+
49. Kg1  1/2-1/2

[Event "29th 4NCL Congress"]
[Site "Harrogate"]
[Date "2023.01.20"]
[Round "1"]
[Board "20"]
[White "Kane, Robert"]
[Black "Siu, Kam Wa"]
[Result "1/2-1/2"]
[WhiteElo "1843"]
[BlackElo "1701"]
[PlyCount "78"]
[EventDate "2023.01.20"]
[EventRounds "5"]
[EventCountry "ENG"]

1. d4 Nf6 2. Nf3 e6 3. Bf4 d5 4. e3 c5 5. c3 Nbd7 6. Bd3 b6 7. Nbd2 Bb7 8. O-O Rc8
9. Ne5 Nxe5 10. dxe5 Nd7 11. e4 c4 12. Bc2 Nc5 13. Qe2 b5 14. Rad1 Qa5 15. a3 g6
16. Bg5 Bg7 17. Bf6 O-O 18. Qe3 Nd7 19. Bxg7 Kxg7 20. f4 Qb6 21. Qxb6 Nxb6 22. g3
Rcd8 23. exd5 Bxd5 24. Kf2 Bc6 25. Nf3 Bxf3 26. Kxf3 h6 27. Rxd8 Rxd8 28. Rd1 Rxd1
29. Bxd1 g5 30. Ke4 Kg6 31. Bc2 gxf4 32. gxf4 Nd7 33. f5+ Kg5 34. fxe6 fxe6 35. Bd1
Nc5+ 36. Kd4 Nd7 37. Ke4 Nc5+ 38. Kd4 Nd7 39. Ke4 Nc5+  1/2-1/2